Allgemeinwissen - Multiple Choice - Statistiken

Allgemein
  • Dieses Quiz wurde 1.403 mal gespielt
  • Das Durchschnittsergebnis liegt bei 10 aus 25
Antwortstatistiken
Frage Antwort % Korrekt
Aus welchem Land stammt der Fußballer Cristiano Ronaldo? Portugal
84%
Wer hatte 1974 mit "Waterloo" den ersten großen Hit? ABBA
69%
Wie heißt die Währung von Mexiko? Peso
68%
Wer war der erste Mensch im Weltall? Juri Alexejewitsch Gagarin
67%
Wie viele Frauen hatte Heinrich VIII.? 6
52%
Welches Symbol wird im Periodensystem für Blei verwendet? Pb
47%
Wieviele Knochen besitzt der Mensch? 206
46%
Wie heißt das erste Buch des Alten Testaments? Genesis
45%
Welches ist das höchste Blatt beim Pokerspiel? Royal Flush
43%
Wie hieß der erste James Bond-Film? James Bond - 007 jagt Dr. No
41%
Welches Erdzeitalter folgte auf den Trias? Jura
39%
Welches Buch wurde von Thomas Mann geschrieben? Der Zauberberg
37%
Wo starb Napoleon Bonaparte? St. Helena
35%
Wann sank die RMS "Titanic"? 15. April 1912
32%
Wer ist der Schöpfer von Hercule Poirot? Agatha Christie
32%
Wie hieß die Frau des Hausmeisters in der "Lindenstraße"? Else Kling
32%
Wieviele Länder gehören zum afrikanischen Kontinent? 54
31%
Wo fanden die Olympischen Winterspiele 1984 statt? Sarajevo
30%
Wie lang ist die Grenze zwischen Kanada und den Vereinigten Staaten? 8891 km
28%
Wer erschoss am 28. Juni 1914 in Sarajevo den Thronfolger Österreich-Ungarns, Erzherzog Franz Ferdinand, und dessen Frau Sophie? Gavrilo Princip
26%
In welchem Jahr wurde in der Schweiz das Frauenstimmrecht formell eingeführt? 1971
25%
Welches Land (einschließlich seiner Übersee-Territorien) umfasst die meisten Zeitzonen? Frankreich
24%
Wovor fürchtet sich jemand mit Akrophobie? vor großen Höhen
21%
Wer war der Schlagzeuger von Led Zeppelin? John Bonham
18%
Welche dieser Sprachen ist - neben weiteren - in Südafrika als Amtssprache anerkannt? Siswati
16%
Keine übereinstimmenden Quizze gefunden
Verteilung der Resultate
Anzahl Personen mit jedem Resultat
Perzentil nach korrekt beantworteten Fragen
Ihre Resultats-Entwicklung
Sie haben dieses Quiz noch nicht gespielt